History Quiz

Random History or War Quiz
Score 0/6 Timer 05:00
0 Plays Today
Date Launched Ship Name % Correct
October 21, 1797USS Constitution
93.2%
September 7, 1797USS Constellation
60.9%
May 10, 1797USS United States
53.3%
April 10, 1800USS President
48.4%
August 15, 1799USS Congress
45.7%
December 2, 1799USS Chesapeake
38.2%

You're not logged in!

Compare scores with friends on all Sporcle quizzes.
OR
Log In

Sporcle TV

Today on Sporcle TV


Watch our educational content, quiz creation guides, and fun videos on Sporcle TV.

Show Comments

Extras

Top Quizzes Today


Score Distribution

Paid Content

Your Account Isn't Verified!

In order to create a playlist on Sporcle, you need to verify the email address you used during registration. Go to your Sporcle Settings to finish the process.

Report this User

Report this user for behavior that violates our Community Guidelines.

Details: